To Kill a Mockingbird Trivia - Statistics

General Stats
  • This quiz has been taken 861 times
    843 since last reset
  • The average score is 10 of 13
Answer Stats
Hint Answer % Correct
What is the lawyers name? Atticus Finch
96%
And his daughters name? Scout Finch
93%
Who wrote the novel? Harper Lee
92%
And which state? Alabama
88%
And his sons name? Jem Finch
88%
Who is their reclusive neighbor? Boo Radley
84%
Who do the two children befriend? Dill
75%
Which man goes on trial? Tom Robinson
72%
How many years is the novel set over? Three
71%
Which town is the novel set in? Maycomb
67%
And his daughters name? Mayella Ewell
66%
Who accused this man of rape? Bob Ewell
64%
What does a mockingbird symbolize in the novel? Innocence
43%
No matching quizzes found
Score Distribution
Percent of People with Each Score
Percentile by Number Answered
Your Score History
You have not taken this quiz since the last reset